Αρχαίοι ελληνικοί θησαυροί στο Νομισματικό Μουσείο : "εκ των... υπό την ρίζαν δένδρου ευρεθέντων"

Αποθηκεύτηκε σε:
Λεπτομέρειες βιβλιογραφικής εγγραφής
Άλλοι συγγραφείς: Ευγενίδου, Δέσποινα Α., 1950- (edtf), Τσέλεκας, Παναγιώτης 1968- (Επιμελητής έκδοσης)
Μορφή: Βιβλίο
Γλώσσα:Greek
Δημοσίευση: Αθήνα : Νομισματικό Μουσείο, 2015.
Θέματα:
Ετικέτες: Προσθήκη ετικέτας
Δεν υπάρχουν, Καταχωρήστε ετικέτα πρώτοι!

MARC

LEADER 00000cam a2200000 a 4500
001 1/112476
008 161205s2010####gr | ||| |||| ||gre||
020 |a 9789609845151  
040 |a GR-MyUa  |b gre  |c GR-MyUa  |e AACR2 
041 0 |a gre 
082 7 |a 737.4938   |2 (23) 
245 0 0 |a Αρχαίοι ελληνικοί θησαυροί στο Νομισματικό Μουσείο :   |b "εκ των... υπό την ρίζαν δένδρου ευρεθέντων" /   |c επιμέλεια: Δέσποινα Ευγενίδου, Παναγιώτης Τσέλεκας.  
260 |a Αθήνα :   |b Νομισματικό Μουσείο,   |c 2015.  
300 |a 139 σ. :   |b εικ. ;  |c 21 εκ.  
504 |a Περιέχει βιβλιογραφικές παραπομπές και πίνακες.  
650 0 |a Numismatics, Greek  |x History. 
650 0 |a Coins, Ancient  |z Greece. 
650 0 |a Coins, Greek  |x History. 
650 0 |a Coins, Greek  |z Greece  |x exhibitions. 
650 0 |a Numismatics, Greek. 
700 1 |a Ευγενίδου, Δέσποινα Α.,   |d 1950-  |e edtf 
700 1 |a Τσέλεκας, Παναγιώτης   |d 1968-  |e edt 
852 |a INST  |b RHODES  |e 20161208  |h 737.4938 ΑΡΧ  |p 005400038954  |q 005400038954  |t BK  |y 0 
970 |z 05-11-2016